সুরের গুরু : (Record no. 85711)
[ view plain ]
| 000 -LEADER | |
|---|---|
| fixed length control field | 00924nam a2200217 a 4500 |
| 003 - CONTROL NUMBER IDENTIFIER | |
| rucl marc code | BD-RjUL |
| 005 - DATE AND TIME OF LATEST TRANSACTION | |
| control field | 20250915113726.0 |
| 008 - FIXED-LENGTH DATA ELEMENTS--GENERAL INFORMATION | |
| fixed length control field | 250915s1975 ii ||||| |||| 00| 0 ben d |
| 035 ## - SYSTEM CONTROL NUMBER | |
| System control number | (BD-RjUL) |
| 040 ## - CATALOGING SOURCE | |
| Original cataloging agency | BD-RjUL |
| Language of cataloging | eng |
| Transcribing agency | BD-RjUL |
| 041 ## - LANGUAGE CODE | |
| Language code of text/sound track or separate title | ben |
| 082 ## - DEWEY DECIMAL CLASSIFICATION NUMBER | |
| Edition number | 23 |
| Classification number | 891.444 |
| Author mark and year | SES 1975 |
| 100 ## - MAIN ENTRY--PERSONAL NAME | |
| Personal name | সেন,অমিয় কুমার |
| 9 (RLIN) | 16884 |
| 245 ## - TITLE STATEMENT | |
| Title | সুরের গুরু : |
| Remainder of title | (রবীন্দ্রসংগীত বিষয়ক প্রবন্ধাবলী) / |
| Statement of responsibility, etc. | অমিয় কুমার সেন, নীলিমা সেন |
| 260 ## - PUBLICATION, DISTRIBUTION, ETC. (IMPRINT) | |
| Place of publication, distribution, etc. | কলিকাতা : |
| Name of publisher, distributor, etc. | অনন্য প্রকাশন, |
| Date of publication, distribution, etc. | ১৯৭৫ |
| 300 ## - PHYSICAL DESCRIPTION | |
| Pagination | ১৬১ পৃ.; |
| Size | ২২ সেমি. |
| 650 ## - SUBJECT ADDED ENTRY--TOPICAL TERM | |
| Topical term or geographic name as entry element | বাংলা সাহিত্য |
| General subdivision | প্রবন্ধ |
| 9 (RLIN) | 681 |
| Topical term or geographic name as entry element | Bengali Literature |
| General subdivision | Essay |
| 9 (RLIN) | 682 |
| 700 ## - ADDED ENTRY--PERSONAL NAME | |
| Personal name | সেন, নীলিমা |
| 942 ## - ADDED ENTRY ELEMENTS (KOHA) | |
| Source of classification or shelving scheme | Dewey Decimal Classification |
| Koha item type | Books |
| Lost status | Source of classification or shelving scheme | Damaged status | Not for loan | Collection code | Permanent Location | Current Location | Shelving location | Date acquired | Source of acquisition | Cost, normal purchase price | Total Checkouts | Full call number | Date last seen | Copy number | Koha item type |
|---|---|---|---|---|---|---|---|---|---|---|---|---|---|---|---|
| Dewey Decimal Classification | Not For Loan | Non-fiction | Central Library, University of Rajshahi | Central Library, University of Rajshahi | Reading Room | 11/04/1980 | K.P. Bagchi | 16.00 | B 891.444 SES 1975 | 15/09/2025 | C-1 | Books |